00881cam a22002291 4500001001300000003000400013005001700017008004100034010001700075035002000092040004600112042001200158050002500170100002900195245012300224260004800347300002900395440004600424500012600470650003800596999001700634l 37000030 DLC20260227111535.0840522s1936 dcuf f000 0 eng c al 37000030  a(OCoLC)10763493 aU.S. Dept. of Labor. LibrarycViBlbVdDLC apremarc00aHD6093b.A35 no. 1481 aPidgeon, Mary Elizabeth.14aThe employed woman homemaker in the United States;bher responsibility for family support,cby Mary Elizabeth Pidgeon. aWashington,bU.S. Govt. print. off.,c1936. av, 22 p.bplatesc23 cm. 0aBulletin of the Women's Bureau ;vno. 148 aAt head of title: United States Department of Labor. Frances Perkins, secretary. Women's Bureau. Mary Anderson, director. 0aWomenxEmploymentzUnited States. c36212d36212